000 01790cam a22003731i 4500
003 SA-RiAUC
005 20250523165438.0
008 250520s1991 le g b 000 0 ara c
040 _aJO-IrJUST
_bara
_cSA-RiAUC
_erda
041 1 _aara
_hfre
043 _aa-iq---
_af-ua---
_aa-sy---
082 0 4 _a027.09
_qSA-RiAUC
090 _a027.09
_bع ش
100 1 _aالعش، يوسف،
_d1911-1967
_eمؤلف.
245 1 0 _aدور الكتب العربية العامة وشبه العامة لبلاد العراق والشام ومصر في العصر الوسيط /
_cيوسف العش ؛ ترجمه عن الفرنسية نزار أباظة، محمد صباغ.
250 _aالطبعة الأولى.
264 1 _aبيروت ؛
_aدمشق :
_bدار الفكر المعاصر،
_c1991
300 _a438 صفحة ؛
_c24 سم.
336 _aنص
_btxt
_2rdacontent
_3كتاب
337 _aبدون وسيط
_bn
_2rdamedia
338 _aمجلد
_bnc
_2rdacarrier
490 0 _aإصدارات مركز جمعة الماجد للثقافة والتراث (دبي، الإمارات العربية المتحدة)
504 _aيشتمل على إرجاعات ببليوجرافية.
650 7 _aالمكتبات الإسلامية
_xتاريخ
_2aucsh
650 7 _aالمكتبات العامة
_zبلاد الشام
_xتاريخ
_2aucsh
650 7 _aالمكتبات العامة
_zمصر
_xتاريخ
_2aucsh
650 7 _aالكتب العربية
_xتاريخ
_2aucsh
650 7 _aالمخطوطات العربية
_xتاريخ
_2aucsh
650 7 _aالمكتبات
_xتاريخ
_2aucsh
700 1 _aأباظة، نزار محمد،
_d1946-
_eمترجم.
700 1 _aصباغ، محمد
_eمترجم.
942 _2ddc
_cBOOK
_n0
949 _aSA-JeALM
_d250520
_umohamedma123
_n1
999 _c8296
_d8296